Economía política

সংরক্ষণ করুন:
গ্রন্থ-পঞ্জীর বিবরন
প্রধান লেখক: Vito, Franceso (Author)
বিন্যাস: গ্রন্থ
ভাষা:স্প্যানিশ
প্রকাশিত: Madrid Tesoro 1950
বিষয়গুলি:
ট্যাগগুলো: ট্যাগ যুক্ত করুন
কোনো ট্যাগ নেই, প্রথমজন হিসাবে ট্যাগ করুন!

MARC

LEADER 00000nam a2200000 a 4500
001 UCR8108
003 CL-VaPUC
008 980519e19500000SP |||||||||||||||||spa|d
082 0 4 |a 330  |b VIT  |2 21 
100 0 |a Vito, Franceso  |e author  |9 409794 
245 1 0 |a Economía política 
300 |a 718 p 
942 |c BK 
945 |d 19980519 00:00:00  |a lriquelm 
260 |a Madrid  |b Tesoro  |c 1950 
650 0 |a Economía   |9 255568 
650 0 |a Historia  |9 255047 
650 0 |a Economía clásica  |9 380452 
650 0 |a Economía marxista  |9 311435 
650 0 |a Teorías económicas  |9 270968 
650 0 |a Precios   |9 260787 
650 0 |a Comercio  |9 255341 
650 7 |a CONDICIONES COMERCIALES  |2 CL-VaPUC  |9 381046 
650 0 |a Producción   |9 263680 
650 7 |a MECANISMO DE PRECIOS  |2 CL-VaPUC  |9 381047 
650 0 |a Crédito  |9 256211 
650 0 |a Moneda  |9 342365 
650 7 |a SISTEMAS MONETARIOS  |2 CL-VaPUC  |9 342366 
583 |a last modification  |c 19980519 00:00:00  |k Rodrigo Vera 
999 |c 269672  |d 269670